000 00816nac a22002297a 4500
001 BR8403392
003 BR-BrBNA
005 20240105120048.0
008 230509b bl.|||m| |||| 00| 0 por d
040 _aBR-BrBNA
_bpor
_cBiblioteca Nacional de Agricultura
072 _aL30
090 _a7100 BR8403392
110 1 _aEmpresa Brasileira de Assistencia Tecnica e Extensao Rural, Brasilia, DF (Brasil)
245 1 _aAbelhas; alimentacao artificial
_bTecnica para producao animal
260 3 _aBrasilia, DF (Brasil):
_c1984.
300 _a4 p.
490 _aFichario de Tecnologias Adaptadas - Empresa Brasileira de Assistencia Tecnica e Extensao Rural (Brazil)
_vv. 18(422)
_x
650 _aABELHA
650 _aALIMENTO ARTIFICIAL
909 _a202312
_bLúcia Elande
_c55
_dLúcia Elande
942 _2AGRIS
_n0
_cMS
999 _c277768
_d277768